000 00215 a2200109 4500
020 _a9789968129176
041 _aspa
100 _aSantillana
245 _aCiencias Naturales 3er grado
942 _cBK
952 _71
999 _c21446
_d21446